000 00378nam a2200133Ia 4500
008 151001s9999||||xx |||||||||||||| ||und||
100 _aगजानन जागीरदार
245 _aअभिनय कसा करावा
250 _a1
260 _bइंडिया बुक कंपनी
260 _c1983
300 _a188
365 _b21
999 _c963685
_d963682